00297nam a2200121Ia 4500008004100000100003000041245002800071260003300099300000800132650001300140942000700153999001500160190216s9999||||xx |||||||||||||| ||und|| a"Venugopalan K,Basheer V" 0aIndian Financial System bUniversity Of Calicutc2008 a296 aCommerce cBK c7536d7536